| 000 | 01455nam a2200349 c 4500 | ||
|---|---|---|---|
| 003 | BLK | ||
| 005 | 20250207132016.0 | ||
| 008 | 180409b bul|||||r ||||||| ||bul|| | ||
| 010 | _aKNG00139029000 | ||
| 020 |
_a978-954-357-200-7 _bиздат.: ЕМАС |
||
| 040 | _aBLK | ||
| 041 |
_aBUL _cBUL |
||
| 072 | 7 |
_2bullib _aН83 _xЧужда художествена литература Н |
|
| 080 |
_aНемска литература _b821.112.2 _x-312.6 _z821.112.2-312.6 |
||
| 100 | 1 |
_aХахфелд-Тапукаи, Кристина _eпърви автор _9136556 |
|
| 700 | 1 |
_aЕвстатиева, Здравка Георгиева _eпрев. от нем. _9365748 |
|
| 139 |
_aХахфелд-Тапукаи, Кристина _bХ 33 |
||
| 245 | 1 | 0 |
_aС любовта на лъвица _bКак станах съпруга на воин самбуру _cКристина Хахфелд-Тапукаи; прев. от нем. Здравка Георгиева Евстатиева. |
| 257 | _aDEU | ||
| 260 |
_аСофия _bЕМАС _c2010 |
||
| 300 |
_a416 с. _c20 см |
||
| 380 | _aX | ||
| 490 | 1 | _aПреживяно | |
| 500 | _aОриг. загл. Mit der Liebe Einer Loewin / Cristina Hachfeld-Topukai. | ||
| 659 | _aН | ||
| 852 | _aЦб 258152 | ||
| 856 | 4 |
_qpdf _u |
|
| 856 | 4 |
_qpdf _u |
|
| 942 |
_cKNG _n0 _042 |
||
| 944 |
_aCR _c06.02.2013 _k30531 _lЦветелина Шанова |
||
| 944 |
_aED _c05.06.2014 _k |
||
| 999 |
_c133139 _d133139 |
||